Geology and mineral deposits of the Thomas and Dugway Ranges, Juab and Tooele Counties, Utah, (Record no. 29884)

MARC details
000 -LEADER
fixed length control field 01305cam a22003251 4500
001 - CONTROL NUMBER
control field gs 64000302
003 - CONTROL NUMBER IDENTIFIER
control field DLC
005 - DATE AND TIME OF LATEST TRANSACTION
control field 20260227111414.0
008 - FIXED-LENGTH DATA ELEMENTS--GENERAL INFORMATION
fixed length control field 780629s1964 dcuabd b f000 0 eng
010 ## - LIBRARY OF CONGRESS CONTROL NUMBER
LC control number gs 64000302
035 ## - SYSTEM CONTROL NUMBER
System control number (OCoLC)4016877
040 ## - CATALOGING SOURCE
Original cataloging agency DLC
Transcribing agency OClU
Modifying agency ISS
-- OCoLC
-- DLC
042 ## - AUTHENTICATION CODE
Authentication code premarc
050 00 - LIBRARY OF CONGRESS CALL NUMBER
Classification number QE75
Item number .P9 no. 415
086 0# - GOVERNMENT DOCUMENT CLASSIFICATION NUMBER
Classification number I 19.16:415
100 1# - MAIN ENTRY--PERSONAL NAME
Personal name Staatz, Mortimer Hay,
Dates associated with a name 1918-
245 00 - TITLE STATEMENT
Title Geology and mineral deposits of the Thomas and Dugway Ranges, Juab and Tooele Counties, Utah,
Statement of responsibility, etc. by Mortimer H. Staatz and Wilfred J. Carr.
260 ## - PUBLICATION, DISTRIBUTION, ETC.
Place of publication, distribution, etc. Washington,
Name of publisher, distributor, etc. U.S. Govt. Print Off.,
Date of publication, distribution, etc. 1964.
300 ## - PHYSICAL DESCRIPTION
Extent vi, 188 p.
Other physical details illus., maps (1 col.) diagrs. (2 col.) tables.
Dimensions 29 cm.
410 20 - SERIES STATEMENT/ADDED ENTRY--CORPORATE NAME [OBSOLETE, CAN/MARC], [LOCAL, USA]
Corporate name or jurisdiction name as entry element Geological Survey (U.S.).
Title of a work Professional paper,
Volume number/sequential designation 415
500 ## - GENERAL NOTE
General note Part of illustrative matter fold. in pocket.
500 ## - GENERAL NOTE
General note "Prepared on behalf of the U. S. Atomic Energy Commission."
504 ## - BIBLIOGRAPHY, ETC. NOTE
Bibliography, etc. note Bibliography: p. 180-183.
650 #0 - SUBJECT ADDED ENTRY--TOPICAL TERM
Topical term or geographic name entry element Geology
Geographic subdivision Utah
-- Juab County
650 #0 - SUBJECT ADDED ENTRY--TOPICAL TERM
Topical term or geographic name entry element Geology
Geographic subdivision Utah
-- Tooele County
650 #0 - SUBJECT ADDED ENTRY--TOPICAL TERM
Topical term or geographic name entry element Mines and mineral resources
Geographic subdivision Utah
-- Juab County
650 #0 - SUBJECT ADDED ENTRY--TOPICAL TERM
Topical term or geographic name entry element Mines and mineral resources
Geographic subdivision Utah
-- Tooele County
700 1# - ADDED ENTRY--PERSONAL NAME
Personal name Carr, Wilfred James,
Dates associated with a name 1926-
Relator term joint author.
740 0# - ADDED ENTRY--UNCONTROLLED RELATED/ANALYTICAL TITLE
Uncontrolled related/analytical title Thomas and Dugway Ranges, Juab and Tooele Counties, Utah.

No items available.

Powered by Koha